[Event "Wch U26"]
[Site "Antwerp"]
[Date "1992.??.??"]
[Round "7"]
[White "Genov, Petar"]
[Black "Womacka, Mathias"]
[Result "1/2-1/2"]
[WhiteElo "2460"]
[BlackElo "2445"]

1.d4 Nf6 2.c4 e6 3.Nf3 c5 4.d5 exd5 5.cxd5 d6 6.Nc3 g6 7.h3 Bg7 8.e4 O-O
9.Bd3 b5 10.Nxb5 Re8 11.O-O Nxe4 12.Re1 a6 13.Na3 Nf6 14.Rxe8+ Nxe8 15.Nc4 Nd7
16.Bd2 Bb7 17.Ba5 Qe7 18.Qc2 Bxd5 19.Re1 Be6 20.Be4 Rb8 21.Bd5 Ndf6 22.Bxe6 fxe6
23.Ng5 Nc7 24.Bxc7 Qxc7 25.Rxe6 d5 26.Ne3 Qf4 27.Nf3 Qb4 28.b3 Qb5 29.Qd2 c4
30.Nd4 Qc5 31.Nc6 Rf8 32.b4 Qb5 33.a4 Qxa4 34.Nxd5 Kh8 35.Nxf6 Bxf6 36.Qd6 Bg7
37.Ne5 Qa1+ 38.Kh2 Qc1 39.Qd4 c3 40.Re7 Qf4+ 41.Qxf4 Rxf4 42.Nd3 Rf8 43.Rc7 h6
44.f4 g5 45.Kg3 Rd8 46.Nf2 Rd4 47.Rxc3 gxf4+ 48.Kf3 Rxb4 49.Ra3 Rb6 50.Nd3 Bf8
51.Ra4 Bd6 52.Nxf4  1/2-1/2

[Event "Asuncion"]
[Site "Asuncion"]
[Date "1992.??.??"]
[Round "3"]
[White "Brito, Alfredo"]
[Black "Franco Ocampo, Zenon"]
[Result "0-1"]
[WhiteElo "2400"]
[BlackElo "2525"]

1.d4 Nf6 2.c4 e6 3.Nf3 c5 4.d5 d6 5.Nc3 exd5 6.cxd5 g6 7.h3 a6 8.a4 Qe7 9.Nd2 Nbd7
10.e4 Bg7 11.Be2 O-O 12.O-O Rb8 13.Re1 Ne8 14.Bf1 Nc7 15.Nc4 Bd4 16.Be3 Bxe3
17.Rxe3 Ne5 18.Nb6 Qf6 19.Rb1 Na8 20.Nxa8 Rxa8 21.a5 Bd7 22.Qd2 Rab8 23.Rg3 Qh4
24.Qe3 f5 25.f4 Rbe8 26.Qf2 fxe4 27.Nxe4 Rxf4  0-1

[Event "Baden-Baden"]
[Site "Baden-Baden"]
[Date "1992.??.??"]
[Round "7"]
[White "Lutz, Christopher"]
[Black "Lobron, Eric"]
[Result "1-0"]
[WhiteElo "2550"]
[BlackElo "2625"]

1.d4 Nf6 2.c4 e6 3.Nf3 c5 4.d5 exd5 5.cxd5 d6 6.Nc3 g6 7.e4 Bg7 8.h3 O-O
9.Bd3 a6 10.a4 Nbd7 11.O-O Re8 12.Bf4 Qe7 13.Bh2 h6 14.Re1 Nh7 15.a5 Rb8
16.Qc2 Nhf8 17.Rad1 b5 18.axb6 Rxb6 19.Ra1 Qf6 20.Nd2 Ne5 21.Bf1 Qe7 22.f4 Ned7
23.Nf3 Nh7 24.Kh1 Qd8 25.e5 dxe5 26.fxe5 Ng5 27.Nxg5 Qxg5 28.Ne4 Qd8 29.e6 fxe6
30.Nd6 Rxd6 31.Bxd6 exd5 32.Qxg6 Nf6 33.Bxc5 Be6 34.Bd3 Bf7 35.Qf5 Qc8 36.Rxe8+ Qxe8
37.Bd4 Be6 38.Qf3 Qd8 39.Rf1 Ne8 40.Bxg7 Nxg7  1-0

[Event "Oberliga Baden9192"]
[Site "Baden"]
[Date "1992.??.??"]
[Round "?"]
[White "Kurz, Eugen"]
[Black "Emms, John M"]
[Result "0-1"]
[WhiteElo "2330"]
[BlackElo "2430"]

1.d4 Nf6 2.Nf3 c5 3.d5 e6 4.c4 d6 5.Nc3 exd5 6.cxd5 g6 7.e4 a6 8.a4 Bg4 9.Qb3 Bxf3
10.Qxb7 Nbd7 11.gxf3 Bg7 12.Qb3 O-O 13.Be2 Nh5 14.h4 Be5 15.Bg5 Qa5 16.Bd2 Bf4
17.Qc2 Qd8 18.Nd1 Ne5 19.Ne3 Qf6 20.Rh3 Bh6 21.Ng4 Bxd2+ 22.Qxd2 Qg7 23.Ne3 Rfb8
24.Nd1 Rb3 25.Rc1 Qf6 26.Rc3 Rxc3 27.Qxc3 Nf4 28.Rh2 c4 29.Kd2 Nxe2 30.Kxe2 Rb8
31.Rh3 Rb3 32.Qc1 Nxf3 33.Rg3 Nd4+ 34.Ke1 Qxh4 35.Qxc4 Qxe4+ 36.Kf1 Rxg3
37.fxg3 Qh1+  0-1

[Event "Balatonbereny op"]
[Site "Balatonbereny"]
[Date "1992.??.??"]
[Round "4"]
[White "Wells, Peter K"]
[Black "Tolnai, Tibor"]
[Result "1-0"]
[WhiteElo "2455"]
[BlackElo "2495"]

1.d4 Nf6 2.Nf3 e6 3.c4 c5 4.d5 exd5 5.cxd5 d6 6.Nc3 g6 7.e4 Bg7 8.h3 O-O
9.Bd3 Re8 10.O-O c4 11.Bxc4 Nxe4 12.Nxe4 Rxe4 13.Bg5 Bf6 14.Bd3 Re8 15.Qd2 Nd7
16.Rfe1 Ne5 17.Bxf6 Qxf6 18.Nxe5 dxe5 19.Qc3 Qd6 20.Bb5 Re7 21.Qa3 Qxa3 22.bxa3 Bd7
23.d6 Bxb5 24.dxe7 f6 25.f4 Kf7 26.fxe5 f5 27.Rac1 Bc6 28.Rc4 Kxe7 29.Rd1 Ke6
30.Rc5 Ke7 31.Rd6 Rd8 32.Rxd8 Kxd8 33.g3 Ke7 34.Kf2 Ke6 35.Ke3 g5 36.h4 h6
37.hxg5 hxg5 38.Kd4 f4 39.gxf4 gxf4 40.Rc1 f3 41.Rh1 a5 42.a4 Bxa4 43.Rh6+ Ke7
44.Rh7+ Ke6 45.Rxb7 Bd1 46.Rb6+ Kf7 47.Kd5 a4 48.Rb2 Kg6 49.e6 a3  1-0

[Event "BEL-ch"]
[Site "BEL"]
[Date "1992.??.??"]
[Round "8"]
[White "Mohandesi, Shahin"]
[Black "Vanderwaeren, Serge"]
[Result "0-1"]
[WhiteElo "2210"]
[BlackElo "2315"]

1.d4 Nf6 2.c4 e6 3.Nf3 c5 4.d5 d6 5.Nc3 exd5 6.cxd5 g6 7.h3 Bg7 8.e4 O-O
9.Bd3 Nh5 10.O-O Nd7 11.Re1 a6 12.a4 Ne5 13.Be2 f5 14.Nxe5 Bxe5 15.Bxh5 gxh5
16.Qxh5 f4 17.Bd2 b6 18.Nd1 Ra7 19.Bc3 Re8 20.Qh6 Rf7 21.Ra3 Bxc3 22.Rxc3 Re5
23.Rf3 Rg5 24.Kf1 Rg6 25.Qh5 b5 26.g3 Qf8 27.Rxf4 Rxf4 28.gxf4 Qxf4 29.Re3 Bd7
30.Qe2 Qh2 31.Ke1 Bxh3 32.axb5 Rg1+ 33.Kd2 Bg4 34.b6 Bxe2 35.b7 Rxd1+ 36.Kxe2 Rd2+
37.Kxd2 Qxf2+ 38.Kd3 Qxb2 39.e5 Qxb7 40.Ke4 dxe5 41.Rd3 c4 42.Rc3 Qc7 43.Kf5 Kf7
44.Ke4 Ke7 45.Rh3 Ke8 46.Rh6 c3 47.Re6+ Kd8  0-1

[Event "Berliner Sommer"]
[Site "Berlin"]
[Date "1992.??.??"]
[Round "?"]
[White "Genov, Petar"]
[Black "Pigusov, Evgeny"]
[Result "0-1"]
[WhiteElo "2460"]
[BlackElo "2565"]

1.d4 Nf6 2.c4 c5 3.d5 e6 4.Nc3 exd5 5.cxd5 d6 6.Nf3 g6 7.h3 Bg7 8.Bf4 a6
9.a4 O-O 10.e3 Nh5 11.Bh2 f5 12.Qd2 Bh6 13.Bd3 f4 14.O-O Nd7 15.Rae1 Rb8
16.Qc2 Kg7 17.Ne4 Nb6 18.exf4 Nxf4 19.Qc3+ Kg8 20.Bxf4 Rxf4 21.a5 Na8 22.Neg5 Nc7
23.h4 Bg4 24.Bc4 Bxf3 25.Nxf3 Bg7 26.Qc1 Qf6 27.b3 Rf8 28.Re3 Bh6 29.Qc3 Qxc3
30.Rxc3 Re8 31.g3 Rf5 32.Kg2 Nb5 33.Rd3 Na3 34.Re1 Rxe1 35.Nxe1 Re5 36.Nf3 Re4
37.Rc3 Nb5 38.Rc2 Kf7 39.Kf1 Kf8 40.Re2 Rxe2 41.Kxe2 Bc1 42.g4 h6 43.Kd3 g5
44.h5 Bf4 45.Ne1 Nd4 46.b4 Be5 47.bxc5 dxc5 48.Ke4 Nb5 49.Kd3 Bc7 50.Nc2 Nd6
51.Ba2 Bxa5 52.Ke3 b5 53.f4 gxf4+  0-1

[Event "Berliner Sommer"]
[Site "Berlin"]
[Date "1992.??.??"]
[Round "?"]
[White "Baburin, Alexander"]
[Black "Moiseev, Viktor"]
[Result "1-0"]
[WhiteElo "2520"]
[BlackElo "2460"]

1.d4 Nf6 2.c4 c5 3.d5 e6 4.Nc3 exd5 5.cxd5 d6 6.Nf3 g6 7.e4 a6 8.a4 Bg4 9.Be2 Bxf3
10.Bxf3 Bg7 11.O-O O-O 12.Bg5 Nbd7 13.Be2 Re8 14.Qc2 Rc8 15.f4 c4 16.Kh1 Qa5
17.Ra3 Qc7 18.a5 Nc5 19.e5 dxe5 20.f5 Ncd7 21.Ra4 e4 22.fxg6 hxg6 23.Bf4 Qd8
24.d6 b5 25.axb6 Qxb6 26.Bxc4 a5 27.Qe2 Nc5 28.Raa1 Rf8 29.Rad1 Ncd7 30.Bb5 Rce8
31.Bxd7 Nxd7 32.Nd5 Qxb2 33.Ne7+ Kh8 34.Qg4 Nf6 35.Qh4+ Nh7 36.d7 Ra8 37.Bc7 Bf6
38.Qxe4  1-0

[Event "Biel op"]
[Site "Biel"]
[Date "1992.??.??"]
[Round "4"]
[White "Mikhalevski, Victor"]
[Black "Baburin, Alexander"]
[Result "1/2-1/2"]
[WhiteElo "2320"]
[BlackElo "2520"]

1.d4 Nf6 2.c4 c5 3.d5 e6 4.Nc3 exd5 5.cxd5 d6 6.Nf3 g6 7.e4 Bg7 8.Be2 O-O
9.O-O a6 10.a4 Bg4 11.h3 Bxf3 12.Bxf3 Nbd7 13.Re1  1/2-1/2

[Event "Spring op"]
[Site "Budapest"]
[Date "1992.??.??"]
[Round "?"]
[White "Lukacs, Peter"]
[Black "Laszlo, Janos"]
[Result "1-0"]
[WhiteElo "2490"]
[BlackElo "2275"]

1.d4 Nf6 2.c4 e6 3.Nf3 c5 4.d5 exd5 5.cxd5 d6 6.Nc3 g6 7.Nd2 Bg7 8.e4 O-O
9.Be2 Re8 10.O-O Nbd7 11.a4 Ne5 12.Ra3 a6 13.f4 Neg4 14.Nc4 Rb8 15.a5 Nxe4
16.Bxg4 Bd4+ 17.Be3 Nxc3 18.Rxc3 Bxg4 19.Qxg4 Bxc3 20.bxc3 Re4 21.Qe2 Qe7
22.Rf3 f5 23.Nd2 Ra4 24.Qd1 Rxa5 25.Nc4 Ra2 26.Qb1 Ra4 27.Nd2 b5 28.h3 Ra3
29.Qb2  1-0

[Event "Spring op"]
[Site "Budapest"]
[Date "1992.??.??"]
[Round "?"]
[White "Arkell, Keith C"]
[Black "Madl, Ildiko"]
[Result "1/2-1/2"]
[WhiteElo "2460"]
[BlackElo "2375"]

1.d4 Nf6 2.Nf3 c5 3.d5 e6 4.c4 exd5 5.cxd5 d6 6.Nc3 g6 7.g3 Bg7 8.Bg2 O-O
9.O-O Re8 10.Nd2 a6 11.a4 Nbd7 12.Nc4 Ne5 13.Nxe5 Rxe5 14.Bf4 Re8 15.Qc2 Ng4
16.Rab1 Ne5 17.b4 c4 18.Qd2 Bf5 19.Rbc1 Rc8 20.Be3 Ng4 21.Bd4 Bh6 22.f4 Nf6
23.a5 Ne4 24.Qa2 Qe7 25.Bf3 Nxc3 26.Rxc3 Bg7 27.Rd1 Be4 28.Re3 Bxd4 29.Rxd4 Bb1
30.Rxe7 Bxa2 31.Rxe8+ Rxe8 32.Rd1 Bb3 33.Rc1 b6 34.Kf2 bxa5 35.bxa5 f5 36.Ke1 Rc8
37.Kd2 Rc5 38.Ra1 c3+ 39.Kd3 c2 40.Kd2 Kg7 41.Kc1 Bxd5 42.Bxd5 Rxd5 43.Kxc2 Rb5
44.Rd1 d5 45.Kd3 Rxa5 46.Rc1 h5 47.Rc7+ Kf6 48.Rc6+ Kg7 49.Kd4 Ra2 50.Rc7+ Kf6
51.Rc6+ Kg7 52.Kd3 Ra4 53.Rd6 Ra1 54.Ke3 Ra3+ 55.Kf2 Ra5 56.h3 Kf7 57.Kf3 Kg7  1/2-1/2

[Event "Spring op"]
[Site "Budapest"]
[Date "1992.??.??"]
[Round "?"]
[White "Krizsany, Laszlo"]
[Black "Zimmersmann, Rita"]
[Result "1-0"]
[WhiteElo "2365"]
[BlackElo "2255"]

1.d4 Nf6 2.c4 c5 3.d5 e6 4.Nc3 exd5 5.cxd5 d6 6.Nf3 g6 7.Nd2 Bg7 8.e4 O-O
9.Be2 Nbd7 10.O-O Re8 11.Qc2 Ne5 12.h3 g5 13.Nf3 Nxf3+ 14.Bxf3 h6 15.Bd2 a6
16.a4 Nd7 17.g3 Rb8 18.Bg2 Ne5 19.Nd1 b5 20.axb5 axb5 21.Ne3 c4 22.Bc3 Bf6
23.Kh2 Qe7 24.Qd2 Nd3 25.Nc2 Nc5 26.Nd4 Bd7 27.Ra7 Rb7 28.Rfa1 b4 29.Bxb4 Rxa7
30.Rxa7 Nxe4 31.Qe3 Qe5 32.Nc6 Bxc6 33.dxc6 d5 34.Bxe4 Qb8 35.Rb7 Qa8 36.Qc5  1-0

[Event "Spring op"]
[Site "Budapest"]
[Date "1992.??.??"]
[Round "?"]
[White "Krutti, Valer"]
[Black "Lengyel, Bela"]
[Result "0-1"]
[WhiteElo "2235"]
[BlackElo "2375"]

1.d4 Nf6 2.c4 e6 3.Nf3 c5 4.d5 exd5 5.cxd5 d6 6.Nc3 g6 7.Nd2 Nbd7 8.e4 a6
9.a4 Bg7 10.Be2 O-O 11.O-O Re8 12.Kh1 Ne5 13.f3 g5 14.Qc2 Nfd7 15.Nd1 Ng6
16.Ne3 Nf4 17.Ndc4 Ne5 18.Nxe5 Bxe5 19.Nc4 Bg7 20.a5 Qe7 21.Nb6 Rb8 22.Bc4 Bd4
23.Bd2 Ng6 24.Rae1 Qf6 25.Bc3 Be5 26.Qd2 Re7 27.Bd3 Bd7 28.Nc4 Bd4 29.Bxd4 cxd4
30.Nb6 Qf4 31.Qxf4 Nxf4 32.Bc4 Bb5 33.Rd1 Rf8 34.Bxb5 axb5 35.g3 Ng6 36.Rxd4 f5
37.Kg2 Rc7 38.exf5 Rxf5 39.Rf2 Ne5 40.h4 Nxf3 41.Rd1 g4 42.Re2 Re5 43.Rf2 Re3
44.Ra1 Kg7 45.Kf1 Kf6 46.Re2 Rxe2 47.Kxe2 Rc2+ 48.Ke3 Rxb2 49.Nc8 Ke5 50.a6 Rb3+
51.Kf2 bxa6 52.Rxa6 Kxd5 53.Rxd6+ Ke4 54.Re6+ Ne5 55.Nd6+ Kd4 56.Nf5+ Kd5
57.Rf6 Rf3+ 58.Ke2 Kc5 59.Nd6 b4 60.Rh6 b3 61.Ne4+ Kd5 62.Nd2 Rxg3 63.Rxh7 Rg2+
64.Ke3 Nc4+  0-1

[Event "Budapest Nuovo"]
[Site "Budapest"]
[Date "1992.??.??"]
[Round "4"]
[White "Atalik, Suat"]
[Black "Stajcic, Nikola"]
[Result "1-0"]
[WhiteElo "2455"]
[BlackElo "2320"]

1.d4 Nf6 2.Nf3 e6 3.c4 c5 4.d5 exd5 5.cxd5 d6 6.Nc3 g6 7.h3 Bg7 8.e4 O-O
9.Bd3 a6 10.O-O Nbd7 11.Bf4 Qc7 12.Rc1 Re8 13.Re1 b5 14.a3 Nh5 15.Be3 Ne5
16.Be2 Nxf3+ 17.Bxf3 Nf6 18.b4 c4 19.Bd4 Bd7 20.Qd2 a5 21.Ra1 Ra6 22.Ra2 Rea8
23.e5 axb4 24.exf6 bxc3 25.Bxc3 Bf8 26.Bb4 Re8 27.Rxe8 Bxe8 28.Qf4 Bd7 29.g4 Ra8
30.Be4 Re8 31.h4 Bc8 32.Bc3 Qd7 33.f3 Qa7+ 34.Kg2 Kh8 35.h5 gxh5 36.gxh5 b4
37.Bxb4 Qd7 38.Bc3 Qh3+ 39.Kg1 Bh6 40.Qxh6 Rg8+ 41.Kf2 Bf5 42.Bxf5 Qxf5 43.Re2 Qc8
44.Re7 Qc5+ 45.Qe3 Qc8 46.Rxf7 Qh3 47.Rxh7+ Kxh7 48.Qe4+  1-0

[Event "Donau Cup op"]
[Site "Budapest"]
[Date "1992.??.??"]
[Round "6"]
[White "Horvath, Csaba"]
[Black "Hardicsay, Peter"]
[Result "1/2-1/2"]
[WhiteElo "2485"]
[BlackElo "2355"]

1.d4 Nf6 2.c4 e6 3.Nf3 c5 4.d5 exd5 5.cxd5 d6 6.Nc3 g6 7.h3 Bg7 8.e4 O-O
9.Bd3 a6 10.a4 Re8 11.O-O Qe7 12.Re1 Nbd7 13.Be3 b6 14.Qd2 Qf8 15.Rab1 h6
16.b4 g5 17.Qc2 Nh5 18.bxc5 bxc5 19.Nd1 Ne5 20.Nxe5 Bxe5 21.Nb2 Nf4 22.Nc4 Ng6
23.Rb6 Qe7 24.Bc1 Qc7 25.Bb2 Rb8 26.a5 Rxb6 27.axb6 Qb8 28.Rb1 Bb7 29.Na5 Bxb2
30.Rxb2 Ne5 31.Bf1 Re7 32.Qa4 Kg7 33.Nxb7 Rxb7 34.Qxa6 Nd7 35.Qa4 Rxb6 36.Rxb6 Nxb6
37.Qc6 Qd8 38.g3  1/2-1/2

[Event "Budapest Nuovo"]
[Site "Budapest"]
[Date "1992.??.??"]
[Round "9"]
[White "Horvath, Jozsef"]
[Black "Tolnai, Tibor"]
[Result "0-1"]
[WhiteElo "2480"]
[BlackElo "2490"]

1.d4 Nf6 2.c4 e6 3.Nf3 c5 4.d5 exd5 5.cxd5 d6 6.Nc3 g6 7.e4 Bg7 8.h3 O-O
9.Bd3 Re8 10.O-O c4 11.Bc2 Na6 12.Be3 Bd7 13.a3 Rc8 14.Bd4 Nc5 15.Re1 Nh5
16.Bxg7 Kxg7 17.e5 Nf4 18.exd6 Rxe1+ 19.Qxe1 Qf6 20.Qe5 Re8 21.Qxf6+ Kxf6
22.Nd2 Ne2+ 23.Kf1 Nd4 24.Nde4+ Nxe4 25.Bxe4 Ke5 26.Rc1 Kxd6 27.Bb1 f5 28.Ba2 b5
29.Rd1 Kc5 30.Rc1 a5 31.f4 Re7 32.Kf2 Be8 33.h4 Bf7 34.g3 Bxd5 35.a4 Bf7
36.axb5 Nxb5 37.Nd1 Nd6 38.Ne3 Ne4+ 39.Kf3 Nd2+ 40.Kf2 a4 41.Rc2 Ne4+ 42.Kf3 Nd6
43.Rc1 Rb7 44.Rc2 Bd5+ 45.Nxd5 Kxd5 46.g4 h5 47.gxh5 gxh5 48.Rd2+ Kc5 49.Re2 Rg7
50.Bb1 Rb7 51.Ba2 Rb8 52.Rg2 a3 53.bxa3 Ra8 54.Bb1 Rxa3+ 55.Ke2 Kd4 56.Rg7 Rh3
57.Rd7 Kc5 58.Re7 Rxh4 59.Bxf5 Rxf4 60.Bc2 Rh4 61.Ke3 Kd5 62.Bg6 Rh3+ 63.Kf4 c3
64.Re3 Rxe3 65.Kxe3 Nc4+ 66.Kf4 Ne5 67.Be4+ Kd4 68.Bb1 h4 69.Bc2 Kc4  0-1

[Event "Buenos Aires Najdorf qual"]
[Site "Buenos Aires"]
[Date "1992.??.??"]
[Round "3"]
[White "Giaccio, Alfredo"]
[Black "Rosito, Jorge"]
[Result "0-1"]
[WhiteElo "2370"]
[BlackElo "2345"]

1.Nf3 Nf6 2.c4 e6 3.d4 c5 4.d5 exd5 5.cxd5 d6 6.Nc3 g6 7.g3 Bg7 8.Bg2 O-O
9.O-O a6 10.a4 Re8 11.Re1 Nbd7 12.Nd2 Nh5 13.Nc4 Ne5 14.Nxe5 Bxe5 15.e4 Rb8
16.f4 Bd4+ 17.Be3 Bxe3+ 18.Rxe3 b5 19.axb5 axb5 20.b3 Qb6 21.Qd2 Bd7 22.Kh1 Ng7
23.Ree1 f6 24.Qf2 Qc7 25.e5 fxe5 26.fxe5 Bf5 27.exd6 Rxe1+ 28.Rxe1 Qxd6 29.Qf1 b4
30.Na4 Bd7 31.Nb2 Rf8 32.Qe2 Nf5 33.Nc4 Qf6 34.Rf1 Re8 35.Qf2 Qd4 36.Qf3 Bb5
37.Rd1 Bxc4 38.bxc4 Qxc4 39.Bh3 Nd4 40.Qg2 Re2 41.Qf1 Qxd5+ 42.Bg2 Qxg2+
43.Qxg2 Rxg2 44.Kxg2 b3 45.Kf2 c4  0-1

[Event "Buenos Aires ITT"]
[Site "Buenos Aires"]
[Date "1992.??.??"]
[Round "5"]
[White "Fabrega, Enrique"]
[Black "Peralta, Eduardo"]
[Result "1/2-1/2"]
[WhiteElo "2260"]
[BlackElo "2255"]

1.d4 Nf6 2.c4 c5 3.d5 e6 4.Nc3 exd5 5.cxd5 d6 6.Nf3 g6 7.e4 Bg7 8.Bb5+ Nfd7
9.Bf4 Qb6 10.Nd2 O-O 11.Nc4 Qd8 12.Bxd6 Re8 13.e5 a6 14.Bxd7 Nxd7 15.O-O b5
16.Ne3 Nxe5 17.Bxc5 f5 18.f4 Nd7 19.Bd4 Nf6 20.b4 Bb7 21.Rc1 Rc8 22.Qd3 Qd6
23.a3 Rcd8 24.Be5 Qb6 25.Bd4 Qd6 26.Bc5 Qd7 27.Rcd1 Nh5 28.Rf2 Bh6 29.g3 Nf6
30.Rff1 Bg7 31.Rfe1 Ne4 32.Nxe4 Rxe4 33.Kf2 h5 34.Bb6 Rde8 35.Rc1 Qd6 36.Bc5 Qd7
37.Bb6 Qd6 38.Bc5 Qd7 39.Bb6  1/2-1/2

[Event "Buenos Aires Najdorf qual"]
[Site "Buenos Aires"]
[Date "1992.??.??"]
[Round "8"]
[White "Quiroga, Facundo"]
[Black "Rosito, Jorge"]
[Result "0-1"]
[WhiteElo "2225"]
[BlackElo "2345"]

1.d4 Nf6 2.c4 e6 3.Nf3 c5 4.d5 exd5 5.cxd5 d6 6.Nc3 g6 7.e4 a6 8.a4 Bg4 9.Be2 Bxf3
10.Bxf3 Nbd7 11.O-O Bg7 12.Bg5 h6 13.Bf4 Qe7 14.Re1 Ne5 15.Be2 O-O 16.Bg3 g5
17.h4 Nfd7 18.hxg5 hxg5 19.Qc2 c4 20.Nd1 b5 21.Ne3 Nc5 22.Nf5 Qf6 23.Rad1 Nxa4
24.f4 Ng6 25.e5 dxe5 26.fxe5 Nxe5 27.Rf1 Kh8 28.Bf2 Rad8 29.g4 Rfe8 30.Kg2 Qg6
31.Rh1+ Kg8 32.Rh3 Nd3 33.Rdxd3 cxd3 34.Bxd3 Qf6 35.Bd4 Re5 36.Re3 Rdxd5
37.Rxe5 Rxe5 38.Qc8+ Bf8 39.Qc7 Rc5 40.Qb8 Qc6+ 41.Kf2 Rxf5+ 42.Bxf5 Qd5
43.Ke3 Nxb2 44.Qh2 Nd1+ 45.Kd3 Qc4+ 46.Ke4 Nc3+ 47.Kf3 Qf1+ 48.Bf2 Qd1+ 49.Kg2 Qd5+
50.Kf1 Qc4+ 51.Kg2 Qc6+ 52.Kf1 Qh6 53.Qxh6 Bxh6 54.Be1 Bg7 55.Bxc3 Bxc3 56.Ke2 Kg7
57.Kd3 Be1 58.Bc8 a5 59.Bd7 b4 60.Kc4 Bg3 61.Kb3 Kf6  0-1

[Event "Candas op"]
[Site "Candas"]
[Date "1992.??.??"]
[Round "8"]
[White "Garcia Ilundain, David"]
[Black "Spraggett, Kevin"]
[Result "0-1"]
[WhiteElo "2435"]
[BlackElo "2545"]

1.d4 Nf6 2.c4 e6 3.Nf3 c5 4.d5 d6 5.Nc3 exd5 6.cxd5 g6 7.h3 a6 8.a4 Qe7 9.Bg5 h6
10.Bh4 Bg7 11.e3 Nbd7 12.Be2 O-O 13.O-O Ne5 14.Nd2 g5 15.Bg3 Bf5 16.a5 Rae8
17.Re1 Qc7 18.e4 Bh7 19.Ra4 Nfd7 20.h4 Qd8 21.hxg5 hxg5 22.Ra3 Bf6 23.Nf1 Kg7
24.Ne3 Rh8 25.Ra4 Qc7 26.Rf1 Bg6 27.f4 gxf4 28.Rxf4 Rh7 29.Nf5+ Bxf5 30.exf5 Reh8
31.Qd2 c4 32.Raxc4 Rh1+ 33.Kf2 Nxc4 34.Rxc4 Qxa5 35.Rg4+ Kh7 36.Qe3 Qc5 37.Ne4 Qxe3+
38.Kxe3 Re8 39.Kd2 Rb1  0-1

[Event "Cappelle op"]
[Site "Cappelle la Grande"]
[Date "1992.??.??"]
[Round "4"]
[White "Vyzmanavin, Alexey"]
[Black "Emms, John M"]
[Result "1/2-1/2"]
[WhiteElo "2590"]
[BlackElo "2430"]

1.d4 Nf6 2.c4 e6 3.Nf3 c5 4.d5 d6 5.Nc3 exd5 6.cxd5 g6 7.e4 a6 8.h3 b5 9.Bd3 Bg7
10.O-O c4 11.Bc2 O-O 12.Bf4 Bb7 13.Qd2 Qb6 14.b4 cxb3 15.axb3 Rc8 16.Ne2 Nbd7
17.Be3 Qd8 18.Nfd4 Rab8 19.f3 Qe7 20.Ra2 Nc5 21.Rfa1 b4 22.Re1 Qc7 23.Rea1 Re8
24.Bf2 Ba8 25.Ra5 Nfd7 26.R1a2 Ne5 27.Ng3 Bb7 28.Nde2 Ned7 29.Bd4 Ne5 30.f4 Ned7
31.Bxg7 Kxg7 32.Qxb4 Nf6 33.Qd4 Nd7 34.Nc3 Rbc8 35.Nge2 Kg8 36.R5a4 Nh5 37.Rc4 Qd8
38.Rxc8 Bxc8 39.Ra1 a5 40.g4 Ng7 41.Kg2 h5 42.g5 Nc5 43.Rf1 Ba6 44.Rf2 Qb8
45.f5 gxf5 46.exf5 Nxb3 47.Qd1 Re3 48.f6 Qc8 49.fxg7 Qxh3+ 50.Kg1 Nc5 51.Qd4 Bxe2
52.Nxe2 Nd3 53.Qf6 Qg4+ 54.Rg2 Qh4 55.Qd4 Re4 56.Qc3 Rxe2 57.Rxe2 Qg3+ 58.Rg2 Qe3+
59.Kh2 Qf4+ 60.Rg3 Qf2+ 61.Kh1 Qf1+  1/2-1/2

[Event "CSR-chT"]
[Site "CSR"]
[Date "1992.??.??"]
[Round "?"]
[White "Danner, Georg"]
[Black "Sikora Lerch, Jan"]
[Result "1-0"]
[WhiteElo "2355"]
[BlackElo "2395"]

1.d4 c5 2.d5 Nf6 3.c4 e6 4.Nc3 exd5 5.cxd5 d6 6.Nf3 g6 7.Nd2 Bg7 8.Nc4 O-O
9.Bg5 Qd7 10.a4 Qg4 11.Bxf6 Bxf6 12.e3 Bxc3+ 13.bxc3 Qg5 14.Qd2 Rd8 15.e4 Qxd2+
16.Kxd2 f5 17.exf5 Bxf5 18.Bd3 Bxd3 19.Kxd3 Nd7 20.Rab1 Rab8 21.Rb2 Nf6 22.Ne3 Re8
23.Rhb1 Re4 24.a5 Ra4 25.Rxb7 Rxb7 26.Rxb7 Rxa5 27.g4 Ra4 28.g5 Ne4 29.Ng4 Nxg5
30.Nf6+ Kf8 31.Nxh7+ Nxh7 32.Rxh7 Rf4 33.Rd7 Rf6  1-0

[Event "CSR-ch (Women)"]
[Site "CSR"]
[Date "1992.??.??"]
[Round "4"]
[White "Sedlakova, Ivana"]
[Black "Kawaciukova, Zuzana"]
[Result "1/2-1/2"]
[WhiteElo "2030"]
[BlackElo "2115"]

1.Nf3 e6 2.d4 Nf6 3.c4 c5 4.d5 exd5 5.cxd5 d6 6.Nc3 g6 7.e4 Bg7 8.Bb5+ Bd7
9.Bxd7+ Nbxd7 10.O-O a6 11.Bf4 Qc7 12.Re1 O-O 13.Qd2 Ng4 14.h3 Nge5 15.Nxe5 Nxe5
16.Bg3 b5 17.Rac1 Rac8 18.b3 Rfe8 19.f4 Nd7 20.Kh2 Qa5 21.Nb1 Qb6 22.Qd3 Qb7
23.Nd2 Nf6 24.Bf2 Nh5 25.Qf3 Nxf4 26.Bg3 g5 27.Bxf4 gxf4 28.Kh1 Be5 29.Qh5 Kh8
30.Rf1 Rg8 31.Nf3 f6 32.Ne1 Rg3 33.Rf3 Qg7 34.Rxg3 Qxg3 35.Qf3 Qh4 36.Nd3 Rg8
37.Rf1 Rg3 38.Qe2 Re3 39.Qd2 Qg3 40.Nxe5 fxe5 41.Qa5  1/2-1/2

[Event "EU-chT (Men)"]
[Site "Debrecen"]
[Date "1992.??.??"]
[Round "5"]
[White "Horvath, Jozsef"]
[Black "Suba, Mihai"]
[Result "1/2-1/2"]
[WhiteElo "2480"]
[BlackElo "2520"]

1.d4 Nf6 2.c4 e6 3.Nf3 c5 4.d5 d6 5.Nc3 exd5 6.cxd5 g6 7.h3 a6 8.a4 Qe7 9.Bg5 h6
10.Bh4 g5 11.Bg3 Nh5 12.Bh2 Bg7 13.e3 Nf4 14.Qc2 Nd7 15.Nd2 Ng6 16.Nce4 Nde5
17.f4 gxf4 18.exf4 f5 19.Nxd6+ Qxd6 20.fxe5 Bxe5 21.Nc4 Bg3+ 22.Bxg3 Qxg3+
23.Qf2 Qxf2+ 24.Kxf2 Rb8 25.Be2 b5 26.axb5 axb5 27.Nd6+ Ke7 28.Nxc8+ Rhxc8
29.Ra7+ Kf6 30.Ra6+ Kf7 31.Ra7+ Kf6 32.Ra6+ Kg7 33.Rd1 c4 34.d6 Nf4 35.Bf1 Rc5
36.g3 Nd5 37.Bg2 Nb4 38.Ra7+ Kf6 39.Rf1 Rd8 40.Rh7 Kg6 41.Rc7 Re5 42.Rb7 Rc5
43.Rc7  1/2-1/2

[Event "EU-chT (Women)"]
[Site "Debrecen"]
[Date "1992.??.??"]
[Round "6"]
[White "Horvath, Julia"]
[Black "Dahl, Ingrid"]
[Result "1/2-1/2"]
[WhiteElo "2265"]
[BlackElo "2130"]

1.d4 Nf6 2.c4 e6 3.Nf3 c5 4.d5 exd5 5.cxd5 d6 6.Nc3 g6 7.e4 Bg7 8.Be2 O-O
9.Nd2 a6 10.a4 Re8 11.O-O Nbd7 12.f3 Qc7 13.Nc4 Ne5 14.Qc2 Nxc4 15.Bxc4 Rb8
16.Bd2 Nd7 17.a5 Ne5 18.Na4 Bd7 19.Be2 Bb5 20.Rfe1 Qe7 21.Nc3 Bxe2 22.Rxe2 Nd7
23.Na4 f5 24.Bc3 fxe4 25.Bxg7 Qxg7 26.Rxe4 Rxe4 27.Qxe4 Qe5 28.Qxe5 Nxe5
29.Re1 Re8 30.Re4 Kf7 31.Nb6 Nd3 32.Nc4 Rxe4 33.Nxd6+ Ke7 34.Nxe4 c4 35.Kf1 Nxb2
36.Ke2 c3 37.Nxc3 Nc4 38.Kd3 Nxa5 39.Ne4 b6 40.Kd4 h6 41.h4 Nb3+ 42.Ke5 Nc5
43.d6+ Kf7 44.Kd5 Nd7 45.g4 a5 46.f4 a4 47.g5 hxg5 48.fxg5 a3 49.Nc3 Nb8
50.Na2 Nd7 51.Nb4 Nb8 52.Na2 Nd7 53.Nb4 Nb8  1/2-1/2

[Event "Doha op"]
[Site "Doha"]
[Date "1992.??.??"]
[Round "4"]
[White "Lodhi, Mahmood"]
[Black "Hakki, Imad"]
[Result "1/2-1/2"]
[WhiteElo "2425"]
[BlackElo "2310"]

1.d4 Nf6 2.c4 e6 3.Nf3 c5 4.d5 exd5 5.cxd5 d6 6.Nc3 g6 7.e4 Bg7 8.Be2 O-O
9.O-O Re8 10.Nd2 Nbd7 11.Qc2 a6 12.a4 Ne5 13.h3 g5 14.Re1 g4 15.h4 b6 16.g3 Ra7
17.Nc4 Nxc4 18.Bxc4 Nd7 19.Bf4 Ne5 20.Be2 Qf6 21.Kg2 Qg6 22.Ra3 f5 23.Bxe5 Bxe5
24.Bd3 Rf7 25.exf5 Bxf5 26.Bxf5 Rxf5 27.Re2 Ref8 28.Nd1 Bd4  1/2-1/2

[Event "Wch U16"]
[Site "Duisburg"]
[Date "1992.??.??"]
[Round "8"]
[White "Quinn, Mark"]
[Black "Lyrberg, Patrik"]
[Result "1/2-1/2"]
[WhiteElo "2275"]
[BlackElo "2425"]

1.d4 Nf6 2.c4 e6 3.Nf3 c5 4.d5 exd5 5.cxd5 d6 6.Nc3 g6 7.e4 a6 8.a4 Bg4 9.h3 Bxf3
10.Qxf3 Bg7 11.Bd3 O-O 12.O-O Nbd7 13.Qd1 Re8 14.Re1 Qc7 15.Bc4 Ne5 16.Qe2 Nfd7
17.f4 Nxc4 18.Qxc4 Nb6 19.Qb3 c4 20.Qb4 Nd7 21.Kh2 Rac8 22.Be3 Bxc3 23.Qxc3 Rxe4
24.Bb6 Rxe1 25.Bxc7 Rxa1 26.Bxd6 Rd1 27.Qf3 Rd3 28.Qg4 Nb6 29.a5 Rxd5 30.axb6 f5
31.Qf3 Rxd6 32.Qxb7 Rdd8 33.Qxa6 Kg7 34.Qb7+ Kg8 35.Qe7 Re8 36.b7 Rb8 37.Qc7 Kh8
38.Kg3 h6 39.h4 h5 40.Kf3 Rbd8 41.Qxc4 Kg7 42.Qc7+ Kh6 43.Kg3 Rb8 44.Kh2 Rbd8
45.Qf7 Rf8 46.Qe7 Rfe8 47.Qf6 Rf8 48.Qg5+ Kg7 49.Qe7+ Kh6 50.b4 Rfe8 51.Qf6 Rd7
52.Qc6 Rdd8 53.b5 Kg7 54.Qc7+ Kf6 55.b6 Rf8  1/2-1/2

[Event "Troll Masters"]
[Site "Gausdal"]
[Date "1992.??.??"]
[Round "3"]
[White "Pedersen, Steffen"]
[Black "Ernst, Thomas"]
[Result "0-1"]
[WhiteElo "2325"]
[BlackElo "2535"]

1.d4 Nf6 2.c4 e6 3.Nf3 c5 4.d5 exd5 5.cxd5 d6 6.Nc3 g6 7.h3 Bg7 8.e4 O-O
9.Bd3 Re8 10.O-O c4 11.Bc2 b5 12.Re1 a6 13.Bf4 Bb7 14.Qd2 Qb6 15.Nd4 Nbd7
16.Nc6 Bxc6 17.dxc6 Ne5 18.Rad1 Re6 19.Nd5 Qxc6 20.Bg5 Ned7 21.Bxf6 Nxf6
22.Nxf6+ Bxf6 23.e5 Rxe5  0-1

[Event "Troll Masters"]
[Site "Gausdal"]
[Date "1992.??.??"]
[Round "6"]
[White "Reeh, Oliver"]
[Black "Gogichaishvili, Giorgi"]
[Result "1-0"]
[WhiteElo "2445"]
[BlackElo "2430"]

1.d4 Nf6 2.c4 e6 3.Nf3 c5 4.d5 exd5 5.cxd5 d6 6.Nc3 g6 7.Nd2 Nbd7 8.e4 Bg7
9.Nc4 Nb6 10.Ne3 O-O 11.Bd3 a6 12.a4 Bd7 13.O-O Re8 14.Re1 Qc7 15.a5 Nc8
16.h3 b5 17.axb6 Nxb6 18.Nc2 Bc8 19.Na3 Nfd7 20.Nc4 Bd4 21.Na5 Bg7 22.Bf1 Nf6
23.Bf4 Nh5 24.Bh2 Be5 25.Bxe5 Rxe5 26.Qd2 Re8 27.g4 Ng7 28.f4 Bd7 29.Bg2 Rab8
30.Kh1 Nc8 31.e5 dxe5 32.Ne4 Qd8 33.fxe5 Rxe5 34.Qf4 Rxe4 35.Rxe4 Rxb2 36.Nc4 Rb4
37.Ne5 Be8 38.Rxb4 cxb4 39.Qxb4 Qf6 40.Re1 h5 41.Qb8 Nd6 42.Nd7 Qh4 43.Re5 f6
44.Re2  1-0

[Event "BL2-S9192"]
[Site "Germany"]
[Date "1992.??.??"]
[Round "?"]
[White "Spacek, Petr"]
[Black "Palkovi, Jozsef"]
[Result "1/2-1/2"]
[WhiteElo "2395"]
[BlackElo "2410"]

1.d4 Nf6 2.c4 e6 3.Nf3 c5 4.d5 d6 5.Nc3 exd5 6.cxd5 g6 7.e4 Bg7 8.Bg5 a6
9.Nd2 b5 10.Be2 O-O 11.Qc2 h6 12.Bh4 Re8 13.a4 b4 14.Nd1 Qe7 15.O-O g5 16.Bg3 Nbd7
17.Ne3 Ne5 18.f4 gxf4 19.Bxf4 Ng6 20.Bd3 Nh5 21.g3 Ngxf4 22.gxf4 Bd4 23.Nc4 Bh3
24.Kh1 Qh4 25.Ng2  1/2-1/2